Bài tập quản trị sản xuất và tác nghiệp /

Bewaard in:
Bibliografische gegevens
Hoofdauteur: Trần Văn Hùng.
Formaat: Sách giấy
Taal:Vietnamese
Gepubliceerd in: H. : Lao động - Xã hội, 2004.
Onderwerpen:
Tags: Voeg label toe
Geen labels, Wees de eerste die dit record labelt!
Thư viện lưu trữ: Thư viện Trường Đại học Đà Lạt
LEADER 00837nam a2200325 4500
001 DLU060050722
005 ##20060208
040 # # |a DLU  |b vie 
041 # # |a vie 
044 # # |a vn 
082 # # |a 658.507 6  |b TR-H 
100 # # |a Trần Văn Hùng. 
245 # # |a Bài tập quản trị sản xuất và tác nghiệp /  |c Trần Văn Hùng. 
260 # # |a H. :  |b Lao động - Xã hội,  |c 2004. 
300 # # |a 156 tr. ;  |c 21 cm. 
653 # # |a Kinh tế công nghiệp 
653 # # |a Quản lý kinh tế 
653 # # |a Quản lý tác nghiệp 
653 # # |a Quản trị kinh doanh 
653 # # |a Sách bài tập 
923 # # |a 59/2005 
992 # # |a 24000 
994 # # |a DLU 
900 # # |a True 
911 # # |a Đào Thị Thu Huyền 
925 # # |a G 
926 # # |a A 
927 # # |a SH 
980 # # |a Thư viện Trường Đại học Đà Lạt